Η φορεσιά της Σαμιώτισσας που έφυγε... : απ' τον αρχαίο ιωνικό χιτώνα στην παραδοσιακή φορεσιά

Αποθηκεύτηκε σε:
Λεπτομέρειες βιβλιογραφικής εγγραφής
Κύριος συγγραφέας: Αγαθού, Νίτσα
Μορφή: Βιβλίο
Γλώσσα:Greek
Δημοσίευση: Σάμος : Υπερόριος, 2010.
Θέματα:
Ετικέτες: Προσθήκη ετικέτας
Δεν υπάρχουν, Καταχωρήστε ετικέτα πρώτοι!

MARC

LEADER 00000cam a2200000 i 4500
001 1/23015
008 120925s2010 gr | ||| |||| ||gre||
035 |l 10113164 
040 |a GR-MyUA  |b gre  |e AACR2 
041 0 |a gre 
082 0 |a 391.2  |2 (22) 
100 1 |a Αγαθού, Νίτσα. 
245 1 2 |a Η φορεσιά της Σαμιώτισσας που έφυγε... :   |b απ' τον αρχαίο ιωνικό χιτώνα στην παραδοσιακή φορεσιά /   |c Νίτσα Αγαθού.  
260 |a Σάμος :   |b Υπερόριος,   |c 2010.  
300 |a 44 σ. :   |b εικ. ;   |c 24 εκ.  
504 |a Περιέχει βιβλιογραφικές αναφορές.  
650 0 0 |a Folklore  |z Greece  |z Samos (Municipality) . 
650 0 0 |a Costume  |z Greece  |z Samos (Municipality) 
650 0 0 |a Clothing and dress  |z Greece  |z Samos (Municipality) 
651 0 |a Samos (Greece : Municipality)  |x Social life and customs. 
852 |a INST  |b SAMOS  |e 20120925  |h 391.2 ΑΓΑ  |p 005300033603  |q 005300033603  |t BK  |y 0 
901 |a BIBL3-2012-3 
909 |a Σ  |b 172436 
970 |a ΚΟΣΙΕΡΗΣ  |b ΧΡΗΣΤΟΣ  |z 2012/09/25